Plant resources of South-East Asia

সংরক্ষণ করুন:
গ্রন্থ-পঞ্জীর বিবরন
বিন্যাস: গ্রন্থ
ভাষা:Undetermined
প্রকাশিত: Wageningen, Netherlands Pudoc Wageningen 1986
বিষয়গুলি:
ট্যাগগুলো: ট্যাগ যুক্ত করুন
কোনো ট্যাগ নেই, প্রথমজন হিসাবে ট্যাগ করুন!
Thư viện lưu trữ: Trung tâm Học liệu Trường Đại học Cần Thơ
LEADER 00464nam a2200157Ia 4500
001 CTU_20745
008 210402s9999 xx 000 0 und d
082 |a 333.957 
082 |b W537 
245 0 |a Plant resources of South-East Asia 
260 |a Wageningen, Netherlands 
260 |b Pudoc Wageningen 
260 |c 1986 
650 |a economics,natural resources - southeast asia 
904 |i Minh, 971226 
980 |a Trung tâm Học liệu Trường Đại học Cần Thơ